000 00737nam a2200289Ia 4500
005 20260324131725.0
008 008 260324s9999 xx 000 0 eng d
020 _a9781315801599
037 _aEBOOK
040 _aCRL
040 _beng
040 _cCRL
041 _2eng
041 _aeng
084 _qCRL
100 _aLiz Winfeld
_91186578
245 0 _aStraight Talk About Gays in the Workplace
245 0 _bCreating an Inclusive, Productive Environment for Everyone in Your Organization
260 _bTaylor and Francis
260 _c2005
365 _a
365 _b230
856 _uhttp://www.taylorfrancis.com/books/9781315801599
942 _cEBOOK
999 _c1784022
_d1784022